Carregant...

Indian customs, traditions and rituals : a handbook /

Dades bibliogràfiques
Autor principal: Dutt, K.Vishnu
Format: Printed Book
Idioma:English
Publicat: New delhi : Cyber Tech, 2013.
Matèries:
LEADER 00599nam a22001577a 4500
008 161219b xxu||||| |||| 00| 0 eng d
020 |a 9789350531341  |c INR 850 
082 |a 390 
100 |a Dutt, K.Vishnu 
245 |a Indian customs, traditions and rituals :  |b a handbook /  |c K.Vishnu Dutt, 
260 |a New delhi :  |b Cyber Tech,  |c 2013. 
300 |a 248 p. ; 
650 |a Manners and customs  |x Hinduism--Rituals  |z India 
942 |c BK 
999 |c 287066  |d 287066 
952 |0 0  |1 0  |4 0  |6 390_000000000000000_DUT_I  |7 0  |9 325870  |a FLK  |b FLK  |c ST1  |d 2016-12-19  |e BK  |g 850.00  |i 3532  |l 0  |o 390 DUT/I  |p FLK3532  |r 2016-12-19  |w 2016-12-19  |y BK